000 00658nam a2200265Ia 4500
005 20260121170541.0
008 008 260114s9999 xx 000 0 eng d
020 _a9783319735825
037 _aEBOOK
040 _aCRL
040 _beng
040 _cCRL
041 _2eng
041 _aeng
084 _qCRL
100 _aZdravko Petak, Kristijan Kotarski
_91065274
245 0 _aPolicy-Making at the European Periphery
260 _bSpringer
260 _bSpringer
260 _c2019
856 _uhttps://link.springer.com/openurl?genre=book&isbn=978-3-319-73582-5
942 _cEBOOK
999 _c1631004
_d1631004